000
00322nam a2200109Ia 4500
008
200302s9999 xx 000 0 und d
100
_a
Forrest Wilson A. I. A.
245
_a
Emerging Form in Architecture : Conversations With Lev Zetlin
260
_b
A Division of Cahners Publishing Co.
260
_c
1975
300
_a
222 P.,
999
_c
2295
_d
2295